000 00495nam a22001937a 4500
003 CEME
005 20210628204525.0
008 210219b xxu||||| |||| 00| 0 eng d
020 _a0-7167-2411-1
040 _c.
082 _a574.015195 SOK'B
100 _aSokal, Robert R
_970597
245 _aThe principles and practice of statistics in biomedical research
250 _a3RD
260 _aNEWYORK
_bW.H.FRUMAN
_c1995
300 _a887P
650 _aBIOMETRY
_92442
942 _cBK
_2ddc
999 _c577558
_d577558